Математическое исследование процессов фильтрации и тепломассопереноса: сборник научных трудов

التفاصيل البيبلوغرافية
مؤلف مشترك: Академия наук Украинской ССР Институт математики
اللغة:الروسية
منشور في: Киев, Наукова думка, 1978
الموضوعات:
التنسيق: كتاب
KOHA link:https://koha.lib.tpu.ru/cgi-bin/koha/opac-detail.pl?biblionumber=371797

MARC

LEADER 00000nam0a2200000 4500
001 371797
005 20231102012421.0
035 |a (RuTPU)RU\TPU\retro\29207 
090 |a 371797 
100 |a 20221115d1978 k y0rusy50 ca 
101 0 |a rus 
102 |a UA 
105 |a a z 001zy 
200 1 |a Математическое исследование процессов фильтрации и тепломассопереноса  |e сборник научных трудов  |f Академия наук Украинской ССР, Институт математики 
210 |a Киев  |c Наукова думка  |d 1978 
215 |a 204 с.  |c ил. 
320 |a Библиография в конце статей 
606 1 |a Воды грунтовые  |x Фильтрация  |2 stltpush  |3 (RuTPU)RU\TPU\subj\3138  |9 31594 
606 1 |a Тепломассообмен  |x (физика)  |2 stltpush  |3 (RuTPU)RU\TPU\subj\58920  |9 76603 
610 1 |a растворимые вещества 
610 1 |a конвективная диффузия 
610 1 |a тепломассоперенос 
610 1 |a краевые задачи 
610 1 |a аналитические методы 
610 1 |a численные методы 
675 |a 556.342  |v 4 
675 |a 536.2  |v 4 
712 0 2 |a Академия наук Украинской ССР  |b Институт математики  |2 stltpush  |3 (RuTPU)RU\TPU\col\11281  |9 25017 
801 1 |a RU  |b 63413507  |c 20221115 
942 |c BK